• 首页
  • 本馆介绍
  • 公告通知
  • 最新文献
  • 馆藏检索
  • 电子资源
  • 读者导购
  • 参考咨询
  • 我的图书馆
  • 登录
  • 详细信息显示
  • 放入我的书架
  • 预约/预借图书
  • 作者相关作品
  • 分类相关作品
  • 丛书相关作品
  • 出版社相关作品

书目信息

  • 表格格式
  • 工作单格式
  • 卡片格式
题名:
敦煌莫高窟内容总录
    
 
作者: ;敦煌文物研究所 编
分册:  
出版信息: 北京   文物出版社  1982
页数: 242页
开本: 26cm
丛书名:
单 册:
中图分类: K879.211
科图分类:
主题词: 美术考古-敦煌石窟-专题目录 , 专题目录-美术考古-敦煌石窟 , 敦煌石窟-美术考古-专题目录
电子资源:
ISBN:
000 00741nam0 2200253 45
001 0182001211
005 20061115110804.56
010    @dCNY2.80
091    @aCN@b11068.1133
100    @a19950224d1982 kemy0chiy0121 ea
101 0  @achi
102    @aCN@b110000
105    @ay b 000yy
200 10 @a敦煌莫高窟内容总录@Adun huang mo gao ku nei rong zong lu@f敦煌文物研究所整理
210    @a北京@c文物出版社@d1982
215    @a242页@d26cm
606    @a美术考古-敦煌石窟-专题目录
606    @a专题目录-美术考古-敦煌石窟
606    @a敦煌石窟-美术考古-专题目录
690    @aK879.211@v3
711 02 @a敦煌文物研究所@Adun huang wen wu yan jiu suo@4编
801  2 @aCN@bNLC@c20061115
801  0 @aCN@bTSSF
905    @a10447@dK879.211@e54
    
    敦煌莫高窟内容总录/敦煌文物研究所整理.-北京:文物出版社,1982
    242页;26cm
    
    
    ISBN :CNY2.80
    
●
相关链接 在E读中查询图书 在五车中查询图书 在当当中查询图书 在豆瓣中查询图书


正题名:敦煌莫高窟内容总录     索取号:K879.211/54         预约/预借

序号 登录号 条形码 馆藏地/架位号 状态 备注
1 0211453   001550333   第二样本阅览室/ [索取号:K879.211/54] 在馆    
唐山师范学院图书馆 欢迎您!
大连网信软件有限公司© 版权所有